Una breve historia de casi todo
Guardat en:
| Autor principal: | |
|---|---|
| Format: | Llibre |
| Idioma: | espanyol |
| Publicat: |
Barcelona
RBA Libros
2011
|
| Edició: | 20a. ed |
| Matèries: | |
| Etiquetes: |
Afegir etiqueta
Sense etiquetes, Sigues el primer a etiquetar aquest registre!
|
MARC
| LEADER | 00000cam a2200000 a 4500 | ||
|---|---|---|---|
| 001 | UCF8096 | ||
| 003 | CL-VaPUC | ||
| 008 | 130725e20110100sp |||||||||||||||||spa|d | ||
| 020 | |a 9788478713806 | ||
| 082 | 0 | 4 | |a 500 |b BRY |2 21 |
| 100 | 0 | |a Bryson, Bill |e author |9 570183 | |
| 245 | 1 | 4 | |a Una breve historia de casi todo |
| 250 | |a 20a. ed | ||
| 300 | |a 639 p | ||
| 942 | |c BK | ||
| 945 | |d 20130725 00:00:00 |a dcastane | ||
| 260 | |a Barcelona |b RBA Libros |c 2011 | ||
| 650 | 0 | |a Educación científica |9 307484 | |
| 650 | 0 | |a Cosmología |9 269138 | |
| 650 | 0 | |a Astronomía |9 260985 | |
| 650 | 0 | |a Física |9 227844 | |
| 650 | 0 | |a Antropología |9 233030 | |
| 583 | |a last modification |c 20130725 12:05:00 |k Rodrigo Vera | ||
| 999 | |c 352763 |d 352761 | ||
| 952 | |0 0 |1 0 |4 0 |6 500_000000000000000_BRY_2011 |7 0 |8 A |9 457413 |a FDOPOS |b FDOPOS |d 2019-11-22 |i 4990951 |o 500 BRY 2011 |p 4990951 |r 2025-01-22 |w 2019-11-22 |y BK |k DLA | ||